01493nam a22002297a 450000500170000000800410001702000180005804000070007604100080008308200170009110000170010824500190012526000270014430000260017136500950019752008080029265000150110065000320111565000230114765000730117070000200124320260316151920.0260316b |||||||| |||| 00| 0 eng d a9788126521791 cAL aeng a005.82bGODC aNina Godbole aCyber security aNew DelhibWileyc2024 axiv,588pbPBc24x18cm 2Information Science and EngineeringaVBI-2645b₹809.25c₹d₹1079.00e25%f20-02-2026 a· This book, focusing on cyberthreats and cybersecurity, provides the much needed awareness in the times of growing cybercrime episodes. · Comprehensive treatment of important topic - cybersecurity to help readers understand the implications of cybercrime. · The book provides adequate orientation on laws in reference to cybercrime and cybersecurity taking into account the Indian as well as global scenario. · Awareness created through simple practical tips and tricks, educates readers to learn how to avoid becoming victims of cybercrime. · Written by InfoSec domain SME and co-authored by qualified ethical hacking professional who is also a security certified. · Well-presented case illustrations and examples from real life to underline the significance of topics addressed in each chapter. aCybercrime aMobile and Wireless Devices aComputer Forensics aUnderstanding cyber crimes computer Forensics and legal Perspectives aBelapure, Sunit